<?xml version="1.0" encoding="UTF-8"?><?xml-stylesheet type="text/xsl" href="static/style.xsl"?><OAI-PMH xmlns="http://www.openarchives.org/OAI/2.0/" xmlns:xsi="http://www.w3.org/2001/XMLSchema-instance" xsi:schemaLocation="http://www.openarchives.org/OAI/2.0/ http://www.openarchives.org/OAI/2.0/OAI-PMH.xsd"><responseDate>2026-04-27T20:08:09Z</responseDate><request verb="GetRecord" identifier="oai:uvadoc.uva.es:10324/35604" metadataPrefix="marc">https://uvadoc.uva.es/oai/request</request><GetRecord><record><header><identifier>oai:uvadoc.uva.es:10324/35604</identifier><datestamp>2025-03-26T19:45:10Z</datestamp><setSpec>com_10324_27452</setSpec><setSpec>com_10324_5186</setSpec><setSpec>com_10324_29291</setSpec><setSpec>col_10324_35593</setSpec></header><metadata><record xmlns="http://www.loc.gov/MARC21/slim" xmlns:doc="http://www.lyncode.com/xoai" xmlns:xsi="http://www.w3.org/2001/XMLSchema-instance" xmlns:dcterms="http://purl.org/dc/terms/" xsi:schemaLocation="http://www.loc.gov/MARC21/slim http://www.loc.gov/standards/marcxml/schema/MARC21slim.xsd">
<leader>00925njm 22002777a 4500</leader>
<datafield tag="042" ind1=" " ind2=" ">
<subfield code="a">dc</subfield>
</datafield>
<datafield tag="720" ind1=" " ind2=" ">
<subfield code="a">Rodríguez Villamañán, Juan Carlos</subfield>
<subfield code="e">author</subfield>
</datafield>
<datafield tag="260" ind1=" " ind2=" ">
<subfield code="c">2019</subfield>
</datafield>
<datafield tag="520" ind1=" " ind2=" ">
<subfield code="a">En la última década, en diversos países, con el fin de aportar mayores beneficios a los pacientes y al mismo tiempo con un claro interés economicista (contención o disminución del gasto sanitario) se ha comenzado a poner el foco en la evaluación de las pruebas diagnóstico- terapéuticas.  Tras el análisis de los resultados  de  estas evaluaciones han aparecido iniciativas que promueven  de forma activa el  «no hacer»  y  proponen dejar de hacer muchas actuaciones diagnóstico-terapéuticas   que son aún muy frecuentes en la práctica médica,  a pesar de no aportar beneficios y no estar exentas de riesgos. Este art´ículo resume el proceso de creación de los protocolos "no hacer" en nuestro país e incluye los referentes a las especialidades de Medicina Interna y Medicina de Familia, además de los necesarios a tener en cuenta en los Servicios de Urgencias.</subfield>
</datafield>
<datafield tag="024" ind2=" " ind1="8">
<subfield code="a">Clínica; Núm. 27 (2019): CLINICA pags. 19-32</subfield>
</datafield>
<datafield tag="024" ind2=" " ind1="8">
<subfield code="a">2530-643X</subfield>
</datafield>
<datafield tag="024" ind2=" " ind1="8">
<subfield code="a">http://uvadoc.uva.es/handle/10324/35604</subfield>
</datafield>
<datafield tag="024" ind2=" " ind1="8">
<subfield code="a">10.24197/cl.27.2019.19-32</subfield>
</datafield>
<datafield tag="024" ind2=" " ind1="8">
<subfield code="a">19</subfield>
</datafield>
<datafield tag="024" ind2=" " ind1="8">
<subfield code="a">27</subfield>
</datafield>
<datafield tag="024" ind2=" " ind1="8">
<subfield code="a">32</subfield>
</datafield>
<datafield tag="245" ind1="0" ind2="0">
<subfield code="a">Recomendaciones « No Hacer »: elegir con prudencia.</subfield>
</datafield>
</record></metadata></record></GetRecord></OAI-PMH>